Syntetická štúdia heterokornolov a im príbuzných prírodných látok

Na minha lista:
Detalhes bibliográficos
Autor principal: Gettler, Ján (Author)
Outros Autores: Markovič, Martin (Thesis advisor)
Formato: Manuscrito Livro
Idioma:eslovaco
Publicado em: 2018
Assuntos:
Acesso em linha:http://is.stuba.sk/zp/portal_zp.pl?podrobnosti=126370
Tags: Adicionar Tag
Sem tags, seja o primeiro a adicionar uma tag!

MARC

LEADER 00000ntm a22000003a 4500
001 stuzp69887
003 SK-STU
005 20180623211133.7
007 ta
008 150427s2015----xo-----f-mn---000-0-slo-d
040 |a STU  |b slo 
041 0 |a slo 
100 1 |a Gettler, Ján  |u 048140  |4 aut  |U FCHPT Ústav organickej chémie, katalýzy a petrochémie  |T FCHPT Oddelenie organickej chémie  |X 81787  |U C8140  |Y 124  |7 81787 
242 0 1 |a Synthetic study of heterocornols and related natural coumpounds  |y eng 
245 1 0 |a Syntetická štúdia heterokornolov a im príbuzných prírodných látok 
260 |c 2018 
650 4 |a heterokornol D  |2 slo 
650 4 |a Sonogashirov kapling  |2 slo 
650 4 |a PdII – katalyzovaná alkoxykarbonylácia  |2 slo 
650 4 |a absolútna konfigurácia  |2 slo 
650 4 |a heterocornol D  |2 eng 
650 4 |a PdII – catalyzed alkoxycarbonylation  |2 eng 
650 4 |a absolute configuration  |2 eng 
650 4 |a Sonogashira coupling  |2 eng 
700 1 |a Markovič, Martin  |u 048140  |k Z1  |4 ths  |U FCHPT Ústav organickej chémie, katalýzy a petrochémie  |T FCHPT Oddelenie organickej chémie  |X 26060  |U C8140  |Y 124  |7 A000026060 
856 4 |u http://is.stuba.sk/zp/portal_zp.pl?podrobnosti=126370